000 00654cam a22001933a 4500
001 39015
003 PGUSA
005 20140828083849.0
008 120229s2012||||xxu|||||s|||||000 | eng d
040 _aPGUSA
_beng
042 _adc
245 1 0 _aOphiolatreia :
_bAn Account of the Rites and Mysteries Connected with the Origin, Rise, and Development of Serpent Worship in Various Parts of the World
_h[electronic resource] /
_cAnonymous
260 _bProject Gutenberg,
_c2012
506 _aPublic domain in the USA.
516 _aElectronic text
830 0 _aProject Gutenberg
_v39015
856 4 0 _uhttp://www.gutenberg.org/ebooks/39015
942 _cEB
999 _c268268
_d268268